000 00614nam a22002057a 4500
005 20251108165829.0
008 250721s1992 xx 000 0 ara d
082 1 4 _aط/551.46/لام
100 1 _aلامبرت، ديفيد
245 1 0 _aالبحار و المحيطات /
264 1 _aالقاهرة :
_bشركة السفير،
_c1992.
300 _a32ص
490 0 _aسلسلة نظرة جديدة
650 1 7 _aالمحيطات
650 1 7 _aالبحر
653 _aناشئون صغار (10-14) سنة
700 1 _aباشا، فؤاد أحمد
_eترجمة
942 _2ddc
_cREF
999 _c32398
_d32398